Sports Quiz

Random Sports Quiz

Ohio State Players (Offense) Quiz Stats

 Plays Quiz not verified by Sporcle

Support Sporcle.
Go Orange.
Score 0/55 Timer 10:00
0 Plays Today
Number Player % Correct
2Terrelle Pryor
82.1%
1Dan 'Boom' Herron
64.3%
8DeVier Posey
60.7%
77Connor Smith
57.1%
24Rod Smith
57.1%
48Spencer Smith
57.1%
75Mike Adams
50%
10Corey Brown
46.4%
55Andy Miller
46.4%
3Brandon Saine
42.9%
12Dane Sanzenbacher
42.9%
14Joe Bauserman
39.3%
65Justin Boren
35.7%
44Zach Boren
35.7%
50Mike Brewster
35.7%
66Ben St. John
32.1%
11Jake Stoneburner
32.1%
4Jaamal Berry
28.6%
26Carlos Hyde
28.6%
18T.Y. Williams
28.6%
7Jordan Hall
25%
79Marcus Hall
25%
5Taurian Washington
25%
13Ken Guiton
17.9%
15James Jackson
17.9%
70Bryant Browning
14.3%
88Reid Fragel
14.3%
76J.B. Shugarts
14.3%
Number Player % Correct
80Chris Fields
10.7%
14Verlon Reed
10.7%
19Taylor Graham
7.1%
74Jack Mewhort
7.1%
78Andrew Norwell
7.1%
63Ivan Blackman
3.6%
81Ricky Crawford
3.6%
81Nic DiLillo
3.6%
85Tony Harlamert
3.6%
49Adam Homan
3.6%
89Garnett Hummel
3.6%
73Josh Kerr
3.6%
59Sam Longo
3.6%
6James Louis
3.6%
57Chris Malone
3.6%
84Ryan Ross
3.6%
82Kyle Schuck
3.6%
17Grant Schwartz
3.6%
17Justin Siems
3.6%
72Scott Sika
3.6%
83Joe Cech
0%
35Bo DeLande
0%
37James Georgiades
0%
69Eric Kramer
0%
71Corey Linslay
0%
87Chris Roak
0%
86Mike Ryan
0%

You're not logged in!

Compare scores with friends on all Sporcle quizzes.
OR
Log In

From the Vault

'G' in Europe

by Cortez

Gee whiz, get going and give this a gander!
Remove Ads.
Support Sporcle.
Get the best of Sporcle when you Go Orange. This ad-free experience offers more features, more stats, and more fun while also helping to support Sporcle. Thank you for becoming a member.

Show Comments

Extras

Created Mar 6, 2011SourceReportNominate
Tags:Ohio State

Top Quizzes Today


Score Distribution

Your Account Isn't Verified!

In order to create a playlist on Sporcle, you need to verify the email address you used during registration. Go to your Sporcle Settings to finish the process.

Report this User

Report this user for behavior that violates our Community Guidelines.

Details: